Industrielles Management Beschaffung-Produktion-Qualität-Innovation-Umwelt. Reader zur Industriebetriebslehre

Gespeichert in:
Bibliographische Detailangaben
Format: Buch
Sprache:Deutsch
Veröffentlicht: Wiesbaden Gabler 1993
Ausgabe:1. Aufl.
Schlagworte:
Tags: Tag hinzufügen
Keine Tags, Fügen Sie das erste Tag hinzu!

MARC

LEADER 00000nam a2200000 4500
001 c010179
005 20240223080434.8
020 |a 3-409-13756-4 
041 0 |a ger 
044 |a DE 
245 1 0 |a Industrielles Management  |b Beschaffung-Produktion-Qualität-Innovation-Umwelt. Reader zur Industriebetriebslehre  |c Edit. Horst Albach 
250 |a 1. Aufl. 
264 1 |a Wiesbaden  |b Gabler  |c 1993 
300 |a 578 s. 
610 2 0 |a manažment 
610 2 0 |a priemysel 
610 2 0 |a podnik 
610 2 0 |a produkcia 
610 2 0 |a výroba 
610 2 0 |a kvalita 
610 2 0 |a inovácia 
610 2 0 |a prostredie životné